000 00363nam a22001577a 4500
003 MACL
005 20151128161553.0
008 151128b xxu||||| |||| 00| 0 eng d
040 _cMACL
041 _aEnglish
082 _a398/SON
100 _aMrs.Sonal
_918628
245 _aRajasthan Society Art and Culture
650 _aFolklore
_918629
942 _2ddc
_cBK
999 _c51325
_d51325